Quản lí chất lượng đội ngũ cán bộ nghiệp vụ hành chính giáo dục đáp ứng yêu cầu trợ giúp công tác quản lí giáo dục /
সংরক্ষণ করুন:
| প্রধান লেখক: | |
|---|---|
| বিন্যাস: | প্রবন্ধ |
| ভাষা: | Vietnamese |
| বিষয়গুলি: | |
| ট্যাগগুলো: |
ট্যাগ যুক্ত করুন
কোনো ট্যাগ নেই, প্রথমজন হিসাবে ট্যাগ করুন!
|
| Thư viện lưu trữ: | Thư viện Trường Đại học Đà Lạt |
|---|
| LEADER | 00912nam a2200277 4500 | ||
|---|---|---|---|
| 001 | DLU190190295 | ||
| 005 | ##20190404 | ||
| 040 | # | # | |a DLU |b vie |
| 041 | # | # | |a vie |
| 044 | # | # | |a vn |
| 100 | # | # | |a Mỵ Giang Sơn. |
| 245 | # | # | |a Quản lí chất lượng đội ngũ cán bộ nghiệp vụ hành chính giáo dục đáp ứng yêu cầu trợ giúp công tác quản lí giáo dục / |c Mỵ Giang Sơn. |
| 653 | # | # | |a Cán bộ nghiệp vụ |
| 653 | # | # | |a Công tác quản lí |
| 653 | # | # | |a Quản lí chất lượng |
| 653 | # | # | |a Quản lí giáo dục |
| 773 | # | # | |t Tạp chí Giáo dục |g Số 405, 2017, tr. 15-19 |
| 920 | # | # | |a Phòng Tạp chí -- Trung tâm Thông tin - Thư viện Trường Đại học Đà Lạt |
| 994 | # | # | |a DLU |
| 900 | # | # | |a True |
| 911 | # | # | |a Trần Thị Minh Hương |
| 925 | # | # | |a G |
| 926 | # | # | |a A |
| 927 | # | # | |a BB |
| 980 | # | # | |a Thư viện Trường Đại học Đà Lạt |